000 01307cam a22003614a 4500
001 6519
003 FISKH
005 20250807160450.0
008 080827s2009 nyua j b 001 0deng
010 _a 2008037424
020 _a0531210944
020 _a9780531224311
040 _aDLC
_cDLC
_dDLC
_beng
050 _aF204.W5 K456
082 _a975.3
100 1 _aKennedy, Marge M.,
_d1950-
245 1 4 _aThe story of the White House /
_cby Marge Kennedy.
260 _aNew York :
_bScholastic,
_c2009.
300 _a24 pages :
_bcolor illustrations ;
_e21 cm
490 0 _aScholastic news nonfiction readers
504 _aIncludes bibliographical references and index.
505 _aJ
520 _aPhotographs and simple text introduce young readers to the White House and how it has changed over the past two hundred years.
521 8 _a490
_bLexile
521 8 _aJ
_bRaz-Plus
610 2 0 _aWhite House (Washington, D.C.)
_vJuvenile literature.
610 2 0 _aWhite House (Washington, D.C.)
_xHistory
_vJuvenile literature.
650 0 _aPresidents
_zUnited States
_xHistory
_vJuvenile literature.
651 0 _aWashington (D.C.)
_xBuildings, structures, etc.
_vJuvenile literature.
906 _a7
_bcbc
_corignew
_d1
_eecip
_f20
_gy-gencatlg
942 _2ddc
_cBK
_n0
999 _c6519
_d6519